00418nam a2200181Ia 4500008004100000020001800041050001400059100002100073245002000094245002400114260001000138260001400148260000900162300001600171300002000187300002100207500000800228170918s9999 xx 000 0 und d a9780316067928 bM613 2008 aMeyer, Stephanie aBreaking Dawn / cby Stephanie Meyer. aUSA : bMT Books, c2008 a756 pages : billustrations ; eTwilight series. a690